00611nam a2200157 a 450000100100000000500170001000800410002704000250006808200150009310000330010824501300014126000300027130000210030195201140032299900170043600003629920200930075644.0120112s1987 mx 000 0 spa d aDO-SdBNPbspacBNPHU axxxbG464f1 aGilbert, Lucia Albino96243613aLa familia en la que ambos conyuges tienen una carrera :bRealidades actuales y perspectivas futuras /cLucia Albino Gilbert. aMéxico :bNoema,c1987. a262 p. ;c21 cm. 0010507-18MOaGRbGRcOId2012-01-12iLF1l0oxxx G464fp36300-10r2020-06-25w2020-06-25y1ZNo se presta c35790d35790